| 000 | 00862nam a2200265Ia 4500 | ||
|---|---|---|---|
| 001 | Para_2172 | ||
| 003 | CHAP | ||
| 008 | 220125s1995 xx 000 0 und d | ||
| 010 | _a198757 | ||
| 040 | _cCHAP | ||
| 082 | _aPA 633.15 Q8 | ||
| 100 |
_aQuiroga Madrigal, Ricardo R. _9164056 |
||
| 245 |
_aEnfermedades del maíz en algunas regiones tropicales de México, con énfasis en el estado de Chiapas : _b Manual para técnicos, investigadores y estudiantes / _c por Ricardo R. Quiroga Madrigal |
||
| 260 |
_aMéxico : _b Universidad Autónoma Chiapas |
||
| 300 | _a116 p. | ||
| 650 |
_aMaíz _x Chiapas _9164057 |
||
| 650 |
_aMaíz _x enférmedades _970939 |
||
| 901 | _aPA 633.15 Q8 | ||
| 902 | _aA | ||
| 905 | _a0000001995 a 0000000000 00 | ||
| 910 | _a1995 | ||
| 942 | _cPARA | ||
| 942 |
_cPARA _d1 |
||
| 999 |
_c198757 _d198757 |
||